00563nam 2200157 45000010005000001000041000051010008000462000079000542100067001332150023002003000094002236000038003176070011003557000019003668010020003853476 a20190729k u||y0frey50 ba aita aJohann Philipp Becker ed il risorgimento italianobBrochurefMarco Paolino a[Roma]cIstituto per la storia del risorgimento italianod1998 app. 215-237d24 cm aTiré à part : Rassegna storica del Risorgimento, Anno 85, Fasc. 2, Aprile-Giugno 1998 aBeckerbJohann Philippf1809-1886 aItalie aPaolinobMarco aCHbCH-002049-8